| 000 | 00790cab a2200241 4500 | ||
|---|---|---|---|
| 001 | ABS54500 | ||
| 008 | 090401t1996 xxu||||| |||| 00| 0 eng d | ||
| 035 | _a(Sirsi) u10838 | ||
| 041 | _aeng | ||
| 100 | _aGower, S. | ||
| 245 | _aAssessing the management of science parks in the UK | ||
| 260 | _c1996 | ||
| 350 | _a0 | ||
| 490 |
_aProperty Management _v14(1) 1996, 30-38(9) |
||
| 520 | _aProposes that successful science park management has to take a `proactive and interventionist approach` in order to meet client needs and the complex motives for this specialized area. | ||
| 650 |
_aFACILITIES MANAGEMENT _96240 |
||
| 650 | _aSCIENCE PARKS | ||
| 690 | _aCOMMERCIAL PROPERTY-MANAGEMENT | ||
| 700 | _aHarris, F. | ||
| 700 | _aCooper, P. | ||
| 942 | _n0 | ||
| 948 | _c04/03/1997 | ||
| 999 |
_c6897 _d6897 |
||